000
00320 a2200133 4500
000
nam a22 7a 4500
100
_a
Singh, Kiran
110
_a
Singh, Kiran
245
_a
Visnu Pratimaye
250
_a
Latest edition
260
_b
Swati Publications
_c
2013
264
_b
Swati Publications
_c
2013
942
_c
BK
999
_c
395036
_d
395036